000 00612nam a22002537a 4500
003 UA-OsUOA
001 22642
007 ta
008 20031223b un ||||| |||| 00| 0 ukr d
100 _aДейноу Ш.
090 _a159.226
_bД26
942 _cBK
040 _aUA-OsUOA
_brus
_cUA-OsUOA
_dUA-OsUOA
245 _aКак пережить опасный возраст ваших детей?
300 _a379 с.
955 _a0
041 _arus
080 _a159.226
020 _a5-85029-062-1
260 _aМосква
_bМирт
_c1995
044 _aRU
650 7 _2UDC
999 _c308866
_d308866